| 000 | 00500nam a22002177a 4500 | ||
|---|---|---|---|
| 003 | UA-OsUOA | ||
| 001 | 106304 | ||
| 007 | ta | ||
| 008 | 20140512b un ||||| |||| 00| 0 ukr d | ||
| 100 | _aПепа В. | ||
| 090 |
_a32 _bП25 |
||
| 942 | _cSA | ||
| 040 |
_aUA-OsUOA _bukr _cUA-OsUOA _dUA-OsUOA |
||
| 245 | _aГаньба георгіївської стрічки | ||
| 300 | _aС.1,4 | ||
| 955 | _a0 | ||
| 041 | _aukr | ||
| 080 | _a32 | ||
| 773 | 0 | _w106303 | |
| 650 | 7 |
_a32 Політика _2UDC |
|
| 999 |
_c392420 _d392420 |
||